000 00311nam a22001337a 4500
008 170307b xxu||||| |||| 00| 0 eng d
020 _a0697047911
041 _aeng
080 _a611
100 _a6
101 _aSHM
245 _aCONCEPTS OF HUMAN ANATOMY AND PHYSIOLOGY
_cVAN DE GRAFF, K.M
942 _2udc
_cBK
999 _c7027
_d7027